MARC

LEADER 00000nam0a2200000 4500
001 313941
005 20231102002628.0
035 |a (RuTPU)RU\TPU\book\339332 
090 |a 313941 
100 |a 20160205d1978 k y0rusy50 ca 
101 0 |a rus 
102 |a RU 
105 |a a z 001zy 
200 1 |a Устойчивость нелинейных систем с неединственным состоянием равновесия  |f А. Х. Гелиг, Г. А. Леонов, В.А. Якубович 
210 |a Москва  |c Наука  |d 1978 
215 |a 400 с.  |c ил. 
320 |a Библиогр.: с. 388-400. 
606 1 |a Автоматические системы управления  |x Нелинейные  |2 stltpush  |3 (RuTPU)RU\TPU\subj\887  |9 29693 
610 1 |a задачи 
610 1 |a функции Ляпунова 
610 1 |a уравнения 
610 1 |a теоремы 
610 1 |a доказательство 
610 1 |a дихотомия 
610 1 |a устойчивость 
610 1 |a стационарные множества 
675 |a 681.511.4  |v 3 
700 1 |a Гелиг  |b А. Х.  |g Аркадий Хаймович 
701 1 |a Леонов  |b Г. А.  |g Геннадий Алексеевич 
701 1 |a Якубович  |b В.А.  |g Владимир Андреевич 
801 1 |a RU  |b 63413507  |c 20160205 
801 2 |a RU  |b 63413507  |c 20160801  |g RCR 
942 |c BK